000 00510nam a22001931a 4500
001 4630
003 OSt
005 20260204211941.0
008 050903s1975||||sp ||||||b||||||||||spa||
020 _a8439939329
050 _aRD 338.4791 M669t
100 _aMiolán, Angel
245 _aTurismo: Nuestra industria sin chimeneas / Angel Miolán
264 _aEspaña: Playar
300 _a259 p
500 _aIncluye indice y bibliografía
650 _a1.Turismo - República DominicanaÌ
942 _2ddc
_cBK
999 _c4630
_d4630